01062cam a22002531 4500001001300000003000400013005001700017008004100034010001700075035001900092040001700111042001200128050001700140100004100157245009100198260007400289300005900363410007100422500014700493500006300640650003100703650002600734710004800760gs 24000185 DLC20260227111328.0751211s1923 ncuabde s s000 0 eng  ags 24000185  a(OCoLC)1892634 aDLCcOTdDLC apremarc00aTN403.T4bB31 aBayley, William Shirley,d1861-1943.10aMagnetic iron ores of East Tennessee and western North Carolina,c by W. S. Bayley ... a[Chapel Hill]bNorth Carolina Geological and economic survey,c 1923. a252 p.billus., XXII pl., maps, plans, tables.c23 cm.10aNorth Carolina.bGeological and economic survey.tBulletinvno. 32 aPrepared by North Carolina Geological and economic survey and the Tennessee Geological survey in cooperation with the U. S. Geological survey. aAlso issued as: Tennessee. Geological survey. Bulletin 29. 0aIron oreszNorth Carolina. 0aIron oreszTennessee.1 aTennessee.bDivision of Geology.tBulletin.